[Event "Turnier 40 / 120"]
[Site "Wien"]
[Date "2021.06.02"]
[Round "18"]
[White "Mephisto Risc 2"]
[Black "Pewatronic Masterchess 24 MHz"]
[Result "1-0"]
[WhiteElo "2237"]
[BlackElo "2183"]
[PlyCount "75"]
[EventDate "2021.??.??"]

1. c4 e5 2. Nc3 Nc6 3. Nf3 Nf6 4. g3 Bb4 5. Bg2 O-O 6. O-O Re8 7. Nd5 Nxd5 8.
cxd5 Nd4 {Buchende Pewatronic} 9. Nxd4 exd4 {Buchbewertung Pewatronic -0,3} 10.
e4 {Buchende Risc II} c5 {gleich zu Beginn ein schlechter Zug, den Stockfish
mit +1,00 für Weiss sieht, weit besser ist a5 oder auch c6!} 11. a3 {
Buchbewertung Risc II, +0,09} Ba5 12. Rb1 b5 13. b4 cxb4 {wieder ein
schlechter Zug, den Stockfish bereits mit +1,80 für Weiss bewertet, viel
besser ist Lb6!, der schwache Bauer d4 wird wohl irgendwann verloren gehen und
die Partie wieder entscheiden.} 14. axb4 Bb6 15. Bb2 {lt. Stockfish ist auch
das ein ganz schlechter Zug, er bewertet hier d3 mit +2,00 für Weiss, diesen
Zug gleich mit 0,00 mit der Fortsetzung d6!} Qe7 16. Qb3 Ba6 $2 {was ist das
für ein unnötiger Zug, der Läufer versteckt sich hinter dem B-Bauern, was
hat das für einen Sinn ?, Stockfish +2,00 für Weiss ,viel besser ist d6!} 17.
Rfc1 {besser ist Tbe1} Rac8 18. d3 Bb7 19. f4 Rf8 {wieder so ein
Verlegenheitszug nach dem Motto, ich weiss nicht was zu tun ist, der Turm
verlässt die offene Linie und versteckt sich hinter dem F-Bauern, was soll
das bringen ?} 20. Bh3 Qd6 21. Ra1 {Risc II +0,60} Qe7 22. Bf5 Rfe8 23. Bg4
Rxc1+ 24. Rxc1 a6 25. Bf5 Qd6 26. Kh1 $2 Ba7 27. Bg4 Rc8 28. Rxc8+ Bxc8 29. Bh5
g6 30. Bg4 Bb7 31. h3 h5 32. Bf3 g5 {und schon wieder kommt ein MEGABOCK vom
Pewatronic, Stockfish mit der Fortsetzung Lxh5 +3,00 für Weiss, warum um
Gottes Willen nicht h4 ???? was den G-Bauern bedroht und damit f4 angreift,
nach diesem Zug wäre die Stellung gleich, der Pewatronic kann nicht mehr an
die starken Leistungen aus Staffel 1 anschliessen und verliert hiermit auch
diese Partie.} 33. Bxh5 {Risc II +0,80} gxf4 {Pewatronic spielt wie ein
blindes Huhn, Bewertung 0,0 ???????????} 34. Qd1 fxg3 {Pewatronic 0,0, nach
einer Bedenkzeit von 8 Minuten sieht dieser Stümper absolut nichts, Stockfish
+8,40 für Weiss.} 35. Qf3 f5 36. Qxf5 Qf8 37. Qg5+ Kh7 38. Bg6+ {Stockfish
Matt in 23, Userentscheid 1-0} 1-0

[Event "Turnier 40 / 120"]
[Site "Wien"]
[Date "2021.06.03"]
[Round "19"]
[White "Pewatronic Masterchess 24 MHz"]
[Black "Mephisto Risc 2"]
[Result "0-1"]
[WhiteElo "2183"]
[BlackElo "2237"]
[PlyCount "63"]
[EventDate "2021.??.??"]

1. e4 e5 2. Nf3 Nc6 3. Nc3 Nf6 4. Bb5 Bb4 5. O-O O-O 6. d3 d6 7. Bg5 Bxc3 8.
bxc3 Qe7 9. Re1 Nd8 10. d4 Ne6 11. Bc1 {Buchende Pewatronic} c5 {Buchende Risc
II} 12. Bb2 {Buchbewertung Pewatronic ,-0,1} Nc7 {Buchbewertung Risc II, +0,06
/ lt. Stockfish steht Weiss etwas besser mit ca. +0,70} 13. Bd3 Bg4 14. d5 b5
15. c4 bxc4 16. Bxc4 Rfb8 17. Bc3 Nb5 18. Bxb5 Rxb5 19. Qd3 Rab8 20. Nd2 Nh5
21. Reb1 Rxb1+ 22. Rxb1 Rxb1+ 23. Nxb1 f5 24. Qb5 fxe4 25. Qb8+ {Der
Pewatronic baut nur noch Mist, dieser Zug verliert sofort die Partie,
Stockfish +2,60 mit der Fortsetzung Df8, nötige war Ld2, was ausgeglichen
gewesen wäre, an dieser Stelle ist die Partie schon wieder uninteressant,
weil gelaufen.} Qf8 26. Qxa7 $2 {auch das ist ein idiotischer Zug viel besser
ist noch Dxf8, Stockfish +5,00 für Schwarz.} Nf4 27. Bd2 Nxg2 28. Qa4 Nh4 29.
Be3 Nf3+ 30. Kh1 Nd4 31. Kg1 h6 32. Nd2 {An dieser Stelle mache ich diesem
unwürdigen Treiben ein Ende.} 0-1

[Event "Turnier 40 / 120"]
[Site "Wien"]
[Date "2021.06.03"]
[Round "20"]
[White "Mephisto Risc 2"]
[Black "Pewatronic Masterchess 24 MHz"]
[Result "0-1"]
[WhiteElo "2237"]
[BlackElo "2183"]
[PlyCount "78"]
[EventDate "2021.??.??"]

1. e4 c6 2. d4 d5 3. Nc3 {Buchende Risc II} g6 {Buchende Pewatronic} 4. Bf4 {
Buchbewertung Risc II, +0,38} dxe4 {Buchbewertung Pewatronic, +0,3, lt.
Stockfish steht Weiss besser mit ca. +0,40} 5. Nxe4 Qb6 {schon wieder gleich
am Anfang ein richtiger Idiotenzug, Stockfish bewertet die Fortsetzung Le5
bereits mit +1,50 für Weiss und das schon wieder nach 5 Zügen} 6. b3 {
Risc II lässt die Chance aus.} Bf5 7. Ng3 Qb4+ 8. Qd2 Qxd2+ 9. Bxd2 Bxc2 10.
Rc1 Bf5 11. Nxf5 gxf5 12. Nf3 {Risc II -0,12, viel besser ist d5!, was
Stockfish als ausgeglichen sieht, diesen Zug mit +1,40 für Schwarz mit der
Fortsetzung Sf6, Pewatronic hatte d5 erwartet und hätte sich da mit nur +0,4
im Vorteil gesehen.} Nf6 {Pewatronic +1,1} 13. Bd3 e6 14. O-O Nbd7 15. b4 a6
16. Rfe1 Be7 17. a3 Rg8 18. Bg5 a5 {Pewatronic +1,4, ein schlechter Zug der
fast den gesamten Vorteil verspielt, Stockfish schätzt die Fortsetzung Sd5
mit 2,30 für Schwarz ein, diesen Zug nur noch mit +0,60 für Schwarz mit der
Fortsetzung b5.} 19. b5 {Risc II -0,34} Bxa3 20. bxc6 bxc6 21. Rxc6 {Risc II
sieht die Stellung ausgeglichen, -0,06} Bb4 {Pewatronic +0,9 / Stockfish +0,60
für Schwarz.} 22. Rec1 Ke7 {nach diesem Fehler steht bereits Weiss besser mit
der Fortsetzung d5 !, den hätten aber zugegeben viele gemacht, man denkt sich,
man verbindet die Türme und gibt ihnen Bewegungsfreiheit, auch der Risc II
und ich selbt hätten den gleichen Fehler gemacht, besser ist aber Kf8,
nachdem Stockfish Schwarz noch mit +0,70 im Vorteil gesehen hätte.} 23. Bh4
Ra7 {ein stümperhafter Zug, der die Partie sofort verliert, Stockfish
bewertet die Fortsetzung Se5 mit +2,50 für Weiss, nötig war auch hier noch
Kf8, danach wäre Schwarz mit ca. +0,50 besser gestanden.} 24. R1c2 {Risc II
sieht diese Fortsetzung aber nicht und Schwarz bekommt nochmals die Chance
für Kf8, die lästige Fesselung des Springers f6 muss aufgehoben werden, so
schwer ist das doch nicht oder ?} Ba3 $2 25. Bxf5 {Der Risc II lässt wieder
die Chance liegen, sofort gewonnen hätte d5!} Rb8 26. Re2 {auch das ist kein
guter Zug vom Risc II, Stockfish sieht die Fortsetzung Kf8 mit +1,50 für
Schwarz, nach Ld3 wäre die Stellung gleich gewesen.} Kf8 27. Bg3 Rb5 {viel
besser ist Tb6} 28. Bd3 Rb3 29. Bc2 Rb2 30. Bf4 Bb4 31. Bh6+ Ke7 32. Ne5 Ra2
33. f3 {deutlich besser ist g3!} Nxe5 34. dxe5 Kd7 35. Rc4 Nd5 36. Kf1 Ra1+ {
viel besser ist a4!} 37. Kf2 Ra8 38. Be4 Rb8 39. Rec2 Be7 {an dieser Stelle
passiert jetzt etwas unglaubliches, ich weiss nicht wie ich das werten soll,
der Risc II bricht die Berechnung ab und bezichtigt sich selbst der
Zeitüberschreitung und spielt den 40. Zug NICHT vor Ablauf der Zeit. Also ich
muss sagen streng nach Turnierregel hat er damit diese Partie verloren, ich
werte es hier auch so.} 0-1

[Event "Turnier 40 / 120"]
[Site "Wien"]
[Date "2021.06.03"]
[Round "21"]
[White "Pewatronic Masterchess 24 MHz"]
[Black "Mephisto Risc 2"]
[Result "1-0"]
[WhiteElo "2183"]
[BlackElo "2237"]
[PlyCount "65"]
[EventDate "2021.??.??"]

1. c4 c6 2. Nf3 d5 3. d4 e6 4. Nc3 dxc4 5. a4 Bb4 6. e3 b5 7. Bd2 Bb7 8. axb5
Bxc3 9. Bxc3 cxb5 10. b3 a5 11. bxc4 b4 12. Bb2 Nf6 13. Bd3 {Buchende
Pewatronic} Nbd7 14. O-O {Buchbewertung Pewatronic 0,0} O-O {Buchende Risc II}
15. Re1 Bc6 {Buchbewertung Risc II -0,03, lt. Stockfish ist gleich der erste
Zug nach dem Buch sehr schlecht vom Risc II, er bewertet hier Le4 mit 0,00,
diesen Zug gleich mit +1,20 für Weiss mit der Fortsetzung e4.} 16. e4 {
Pewatronic +0,4} a4 17. d5 Nc5 18. Bd4 Nb3 $2 {ein grober Fehler, der Schwarz
schon in eine Verluststellung bringt, Stockfish +3,50 für Weiss, viel besser
ist Sxd3.} 19. dxc6 Nxd4 20. Nxd4 Qxd4 21. e5 {Pewatronic +1,2} Rad8 {Risc II
-0,78, Stockfish +5,20 für Weiss mit der Fortsetzung c7.} 22. c7 Rd7 23. exf6
Qxd3 {Risc II erkennt noch keine Gefahr, -0,52} 24. Qxd3 {Pewatronic +1,9} Rxd3
{Risc II -0,52} 25. Red1 {Pewatronic +2,4} Rc3 {Risc II -2,67} 26. Rxa4 Rxc4
27. Ra8 gxf6 28. Rxf8+ Kxf8 29. Rd8+ Ke7 30. c8=Q Rxc8 31. Rxc8 f5 32. Rb8 e5
33. Rxb4 {Userentscheid: 1-0} 1-0

[Event "Turnier 40 / 120"]
[Site "Wien"]
[Date "2021.06.04"]
[Round "22"]
[White "Mephisto Risc 2"]
[Black "Pewatronic Masterchess 24 MHz"]
[Result "1-0"]
[WhiteElo "2237"]
[BlackElo "2183"]
[PlyCount "63"]
[EventDate "2021.??.??"]

1. c4 c5 2. Nc3 Nc6 3. Nf3 Nf6 4. g3 g6 5. Bg2 Bg7 6. O-O O-O 7. d4 cxd4 8.
Nxd4 Nxd4 9. Qxd4 d6 10. Qd3 a6 {Buchende Pewatronic} 11. Be3 {Buchende Risc II
} Bf5 {Buchbewertung Pewatronic, +0,1} 12. Qd2 {Buchbewertung Risc II, +0,12 /
lt. Stockfish steht Weiss etwas besser mit ca. +0,25} Qc8 13. Rfd1 Bh3 14. Nd5
Nxd5 15. Bxh3 Qxh3 16. Qxd5 Bxb2 17. Rab1 Bf6 18. Rxb7 Qg4 19. f3 Qc8 20. Rdb1
e6 {ein schlechter Zug, den Stockfish mit +1,30 für Weiss bewertet, nach Dh3
wäre die Stellung ausgeglichen.} 21. Qd3 Rd8 22. Qe4 Bh8 $2 {Pewatronic
verwirft im letzten Moment den deutlich besseren Zug Lg7, Stockfish +2,00 für
Weiss.} 23. R1b6 Bg7 24. Qc6 {deutlich besser ist Df4.} Qxc6 25. Rxc6 Bf8 $2 {
deutlich besser ist Le5!} 26. Rcc7 h5 {Pewatronic -0,5 ????, ein
grottenschlechter Zug bitte was soll dieser Schwachsinn bringen, Stockfish +4,
00 für Weiss, viel besser ist natürlich Tdc8!, damit ist die Partie gelaufen.
} 27. Rxf7 Rab8 28. Ra7 Ra8 {Pewatronic bewertet diese Stellung mit -0,5
??????, einfach UNFASSBAR, Stockfish +5,00 für Weiss.} 29. Rf6 Rxa7 30. Bxa7
Rc8 31. Rxe6 Kf7 32. Re4 {Userentscheid: 1-0, den Rest schenke ich mir macht
keinen Sinn mehr an dieser Stelle mit 2 Mehrbauern ist das entschieden.} 1-0

[Event "Turnier 40 / 120"]
[Site "Wien"]
[Date "2021.06.04"]
[Round "23"]
[White "Pewatronic Masterchess 24 MHz"]
[Black "Mephisto Risc 2"]
[Result "0-1"]
[WhiteElo "2183"]
[BlackElo "2237"]
[PlyCount "93"]
[EventDate "2021.??.??"]

1. e4 e5 2. Nf3 Nc6 3. Bb5 a6 4. Ba4 Nf6 5. Nc3 Be7 6. O-O b5 7. Bb3 d6 8. Nd5
Bb7 9. Nxe7 Qxe7 10. d4 {Buchende Pewatronic} h6 {Buchende Risc II} 11. dxe5 {
Buchbewertung Pewatronic, 0,0} dxe5 {Buchbewertung Risc II, +0,33} 12. Qe1 {
lt. Stockfish ist die Stellung ausgeglichen.} O-O 13. Nh4 Rfd8 14. Nf5 Qe8 $2 {
Risc II +0,09, ein grauenhafter Zug vom Risc II, der hier f3 erwartet,
übersieht den Einschlag Lxh6, den Stockfish bereits mit +5,00 für Weiss
bewertet, nötig war Db4!} 15. Bxh6 {Pewatronic +1,5} gxh6 {Risc II +0,22
sieht hier keine Gefahr.} 16. Qe3 $1 {der richtige Zug, viel besser als Sxh6!,
Stockfish +6,20 für Weiss.} Ng4 {Risc II -1,05} 17. Qh3 Kh7 18. Qxg4 {
Pewatronic +2,0, noch besser ist f3, was Stockfish mit +7,00 für Weiss sieht,
aber auch diese Fortstetzung bewertet er noch mit +5,00 für Weiss.} Qf8 19.
Qh5 Ne7 {Risc II -1,43} 20. Nxh6 {Pewatronic +2,2, mit diesem schwachen Zug
hilft der Pewatronic den Risc II retour in die Partie, die Fortsetzung Lxf7
bewertet Stockfish mit +6,30 für Weiss, diesen Zug nur noch mit +1,80 für
Weiss.} Qxh6 {Risc II -1,04} 21. Qxf7+ Qg7 22. Qh5+ Qh6 23. Qxe5 Qg7 24. Qh5+
Qh6 25. Qxh6+ {Pewatronic +2,0, der Damentausch hilft nur Schwarz, nach dem
nächsten schwachen Zug ist der Vorteil fast verloren, Stockfish nur noch +0,
60 für Weiss.} Kxh6 {Risc II -0,75} 26. Rad1 {Pewatronic +1,9, mit diesem
neuerlich schwachen Zug, verschenkt der Pewatronic jetzt auch noch den letzten
kleinen Vorteil, warum um Himmels willen nicht f3 ???, ist der E-Bauer gar
nichts wert oder wie ?, Stockfish 0,00} c5 {Risc II -0,24} 27. c3 Ng6 {nicht
der beste Zug, besser ist Fortsetzung, Lxe4, Tde1, Ld3, Txe7, Lxf1 Kxf1, Td2,
damit ist die Partie Remis, dieser Zug ist aber auch keine Katastrophe,
Stockfish sieht das mit +0,50 für Weiss mit der Fortsetzung f3.} 28. Bc2 {
Pewatronic +1,9, ist hier viel zu optimistisch.} Ne5 29. b4 {wieder ein
schlechter Zug, viel besser ist b3.} cxb4 30. cxb4 Rxd1 {Risc II sieht sich
bereits im Vorteil, +0,18.} 31. Rxd1 {Pewatronic +1,5, hat wieder einmal keine
Ahnung von einem Endspiel.} Rc8 32. Bb1 Rc4 33. f3 {der nächste idiotische
Zug, der jetzt schon Schwarz in Vorteil bringt, mit der Fortsetzung Txb4 mit
+0,50.} Rxb4 34. Bc2 {der nächste Idiotenzug, nötig war Kf2, Stockfish +1,50
für Schwarz.} Rb2 {die Stellung ist verloren für Weiss !} 35. Rd6+ {
Pewatronic +0,9, also ehrlich gesagt, da kann man nur noch staunen, über
soviel Unfähigkeit.} Kg5 36. Bb3 a5 {Der Risc aktiviert folgerichtig seine
Bauernmehrheit am Damenflügel, die dem Pewatronic letztlich den Läufer und
damit die Partie kosten wird, der Risc bewertet sich zwar auch noch knapp
negativ mit -0,08, aber die Partie ist bereits gewonnen.} 37. Rd8 {Pewatronic
+0,9, auch dieser Zug ist schon sinnlos, klar er kann noch 2x Schach geben und
glaubt mit dieser Verzögerung das Unvermeidliche noch abwenden zu können,
dafür reicht einfach die Rechentiefe nicht aus.} a4 $1 {der richtige Zug, der
Risc II ist einmal mehr im Endspiel seinem Gegner haushoch überlegen, obwohl
auch er hier noch keinen Vorteil sieht mit 0,00, lt. Stockfish ist die Partie
längst enschieden, +2,60 für Schwarz.} 38. Be6 Ng6 {besser ist Kf6} 39. Rb8
Bc6 40. Rc8 Rc2 41. Bd5 {Pewatronic +1,1, i packs nimma.} Ne5 42. a3 b4 {
mit diesem Zug patzt auch der Risc II, denn lt. Analyse von Stockfish ist die
Fortsetzung h4+ klares Remis mit 0,00.} 43. axb4 {aber wie zu erwarten ist der
Pewatronic im Endspiel viel zu unfähig zu so einem Zug, diesen
Katastrophenzug bewertet Stockfish mit +4,00 für Schwarz (Pewatronic
übrigens +1,70 zu seinen Gunsten, der ist ja völlig unfähig.)} Rc1+ {
Risc II +0,80} 44. Kf2 {Pewatronic +1,0 steht weiterhin auf der Leitung,
Stockfish +4,50 für Schwarz.} Bxd5 45. Rxc1 {Pewatronic +0,9, das ist einfach
unerträglich.} Nd3+ 46. Ke3 Nxc1 47. exd5 {Pewatronic +0,2, also Freunde seid
mir nicht böse aber das verkrafte ich nicht mehr, hier ziehe ich den Stecker,
Userentscheid, 0-1} 0-1

[Event "Turnier 40 / 120"]
[Site "Wien"]
[Date "2021.06.05"]
[Round "24"]
[White "Mephisto Risc 2"]
[Black "Pewatronic Masterchess 24 MHz"]
[Result "1-0"]
[WhiteElo "2237"]
[BlackElo "2183"]
[PlyCount "119"]
[EventDate "2021.??.??"]

1. e4 c5 2. Nf3 d6 3. d4 cxd4 4. Nxd4 Nf6 5. Nc3 Nc6 6. Bg5 e6 7. Qd2 Be7 8.
O-O-O O-O 9. Nb3 Qb6 {Buchende Pewatronic} 10. Be3 Qc7 {Buchbewertung
Pewatronic, -0,3} 11. f3 Rd8 12. Nb5 {Buchbewertung Risc II, +0,34 / lt.
Stockfish steht Schwarz nach Db8 knapp besser mit ca. +0,30} Qb8 13. N5d4 e5
14. Nxc6 bxc6 15. Na5 Qc7 16. Qc3 Bd7 17. g4 Rdb8 18. Nc4 Be6 19. g5 Ne8 20. h4
d5 21. exd5 cxd5 22. Nxe5 Qxc3 23. bxc3 Ba3+ {ein schlechter Zug, den
Stockfish mit +1,60 für Weiss bewertet, deutlich besser ist Tc8! (auch der
Risc II hätte diesen Zug gespielt)} 24. Kd2 Rb2 25. Ra1 Nd6 26. Bd3 Nf5 27.
Bxf5 Bxf5 28. Nd3 Rb5 29. Rhb1 {Risc II +0,82} Ra5 {Pewatronic -0,5, lt.
Stockfish ist die Partie schon gelaufen für Weiss mit +2,40.} 30. h5 Re8 31.
Rb7 a6 {ein schlechter Zug, viel besser ist Le7, Stockfish +3,80 für Weiss.}
32. Rab1 Kf8 33. h6 g6 $2 {Pewatronic +1,7 bewertet hier völlig falsch, ein
sehr schlechter Zug, Stockfish bewertet hier gxh6 mit +1,50 für Weiss, diesen
Zug gleich mit +6,40 für Weiss, damit ist die Partie verloren.} 34. Bb6 Ra4
35. Nc5 {auch ein schlechter Zug, Stockfish bewertet Ld4 bereits mit +7,50
für Weiss, diesen Zug mit +2,70, also ganze 5 Bauerneinheiten schlechter.} Rh4
36. Nd7+ Bxd7 37. Rxd7 Rh2+ 38. Kd3 Rh3 39. Rf1 Be7 40. Rxd5 f6 41. gxf6 Bxf6
42. Be3 Kf7 43. c4 Be7 44. Rd7 Rh5 45. c5 Ke6 46. Ra7 {Risc II +2,21} Rd8+ {
Pewatronic -1,8 / Stockfish +6,50 für Weiss.} 47. Kc4 Rh4+ 48. f4 Kf7 49. Rxa6
Rxh6 50. f5 Rh4+ 51. Kb5 Rb8+ 52. Rb6 Rb4+ 53. Ka5 R4xb6 54. cxb6 Ra8+ 55. Kb5
Rxa2 56. fxg6+ Kxg6 57. Bd4 Bd8 58. c4 Rd2 59. Ba1 Rd7 60. c5 {Userentscheid:
1-0} 1-0

[Event "Turnier 40 / 120"]
[Site "Wien"]
[Date "2021.06.05"]
[Round "25"]
[White "Pewatronic Masterchess 24 MHz"]
[Black "Mephisto Risc 2"]
[Result "1-0"]
[WhiteElo "2183"]
[BlackElo "2237"]
[PlyCount "74"]
[EventDate "2021.??.??"]

1. d4 d5 2. c4 c6 3. cxd5 cxd5 4. Nc3 Nf6 5. Nf3 Nc6 6. Bf4 Bf5 {Buchende Risc
II} 7. Qb3 Na5 {Buchbewertung Risc II, +0,06} 8. Qa4+ {Buchende Pewatronic} Bd7
9. Qc2 {Buchbewertung Pewatronic, -0,1 / lt. Stockfish ist die Stellung etwa
ausgeglichen.} Rc8 10. Rc1 e6 11. e3 Nh5 12. Bg5 f6 13. g4 fxg5 14. gxh5 Qf6 {
besser ist Sc6} 15. Ne5 Bd6 16. Nxd7 Kxd7 17. Bg2 g4 18. h3 g3 19. O-O Qg5 $2 {
ein schwerer Fehler, den Stockfish mit +3,00 für Weiss bewertet mit der
Fortsetzung f4, bei gxf2 wäre die Stellung ausgeglichen.} 20. f4 {Pewatronic
macht den richtigen Zug sieht aber keinen Vorteil, Bewertung 0,0} Qxh5 {
Risc II -0,31} 21. f5 {Pewatronic +0,7} exf5 22. Rxf5 Qh6 23. Qa4+ Kd8 {
deutlich besser ist Sc6} 24. Re1 b6 25. Rxd5 Re8 {Risc II -0,31, sieht noch
keine Gefahr, Stockfish sieht die Fortsetzung e4 bereits mit +8,00 für Weiss}
26. Nb5 {Pewatronic +1,5, nicht so gut wie e4, aber auch diese Fortsetzung
sieht Stockfish noch mit +5,00 für Weiss.} Re6 27. Qa3 Nc4 28. Qxa7 Re7 {
Risc II -1,15} 29. Qa6 {Pewatronic +3,4 / Stockfish +6,70} Re6 {Risc II -1,68}
30. b3 {Pewatronic +4,0} Nb2 {Risc II -3,53} 31. Qxb6+ {Stockfish Matt in 22,
LOL !} Ke7 32. Qa7+ Kd8 33. Qa5+ Ke8 34. Nxd6+ Rxd6 35. Re5+ Re6 36. Rf1 g5 37.
Qb5+ Kd8 {Risc II -9,99 -----> AUFGABE !} 1-0

[Event "Turnier 40 / 120"]
[Site "Wien"]
[Date "2021.06.06"]
[Round "26"]
[White "Mephisto Risc 2"]
[Black "Pewatronic Masterchess 24 MHz"]
[Result "1/2-1/2"]
[WhiteElo "2237"]
[BlackElo "2183"]
[PlyCount "127"]
[EventDate "2021.??.??"]

1. d4 d5 2. c4 e6 3. Nc3 Nf6 4. Bg5 Nbd7 5. e3 c6 6. Nf3 Qa5 7. Nd2 {Buchende
Risc II} dxc4 8. Bxf6 {Buchbewertung Risc II, +0,24} Nxf6 9. Nxc4 Qc7 {
Buchende Pewatronic} 10. Rc1 Bb4 {Buchbewertung Pewatronic, 0,0 / lt.
Stockfish steht Weiss besser mit ca. +0,50} 11. Bd3 O-O 12. O-O b6 13. Ne5 Bb7
14. Nb5 Qc8 15. Qb3 Be7 16. f4 c5 17. dxc5 Bxc5 18. Kh1 Bd5 19. Bc4 Qb7 20.
Bxd5 Nxd5 21. Nd4 Rac8 22. Rcd1 Rfe8 23. Rd2 Nf6 24. Rfd1 Ne4 25. Rc2 Red8 26.
a3 Rd5 27. Qd3 Rcd8 28. b4 Bxd4 29. exd4 Nd6 30. Rdc1 a6 31. Qf3 Nb5 32. Nc6
Re8 33. a4 Nd6 34. g3 b5 35. Rc5 {ein grober Fehler lt. Stockfish, der hier
die Fortsetzung bxa4 mit +2,00 für Schwarz bewertet, viel besser ist hier a5.}
Nc4 {Pewatronic sieht aber diese Fortsetzung nicht, Stockfish 0,00} 36. axb5
axb5 37. Ra1 Nd2 38. Qg2 Nb3 39. Na5 Nxa5 40. Rxd5 exd5 41. bxa5 Re4 42. a6 Qa7
43. Qc2 Re8 44. Qc6 {Risc II +0,68} Rd8 {Pewatronic -0,8 / Stockfish sieht es
mit genau +0,01 für Weiss.} 45. Re1 Kf8 $2 {Ja, der Pewatronic wirft halt
wieder dieses Remis weg mit diesem schrecklichen Zug, den Stockfish in der 1.
Sekunde mit +6,00 für Weiss bewertet, nötig war natürlich h6, damit schenkt
der Pewatronic einen halben Punkt her.} 46. Qxb5 {Risc II nur +0,74} Qxd4 {
Pewatronic erkennt jetzt den Fehler -1,5} 47. Qb7 Kg8 48. a7 {nicht der beste
Zug, Stockfish berwertet hier Dd7 mit +12,00 für Weiss, aber auch diese
Fortsetzung langt natürlich für den klaren Sieg, Stockfish +5,00, trotzdem
dass dieser Zug um ganze 7 Bauerneinheiten schlechter ist, reicht er allemal
zum Sieg.} Qa4 49. Kg1 {der Risc II erlaubt sich eine zweite Ungenauigkeit,
Stockfish bewertet hier De7 mit +6,00 für Weiss, diesen Zug "nur" noch mit +2,
80 für Weiss.} Qd4+ {mit diesem sinnlosen Schachgebot ist Stockfish
natürlich sofort wieder bei +6,00 für Weiss unbedingt nötig wäre
selbstverständlich ein Schlupfloch für den schwarzen König mit h5 oder g6.}
50. Kg2 Qd2+ 51. Kh3 $2 {nicht nur der Pewatronic, sondern auch der Risc II
ist mit diesem Endspiel überfordert, nötig war hier Kf1 was Stockfish mit +7,
00 für Weiss bewertet, diesen Zug schätzt er nach einer Sekunde exakt mit 0,
00 also Remis ein, damit schenkt der Risc II den Sieg retour.} Qxe1 52. a8=Q
Qe6+ 53. f5 Qxf5+ 54. Kg2 Qe4+ 55. Kf2 Qd4+ 56. Ke2 Qe4+ 57. Kf1 Qh1+ 58. Kf2
Qxh2+ 59. Kf1 Qh3+ 60. Ke2 Qg2+ 61. Kd1 Qf1+ 62. Kc2 Qf2+ 63. Kb1 Qe1+ 64. Ka2
{Userentscheid: Remis, Weiss kann nicht mehr aus dem Schach entkommen.} 1/2-1/2